[Event "ROM-ch U10 Girls"]
[Site "Calimanesti"]
[Date "2015.04.04"]
[Round "7"]
[White "Kiss, Alexandra Maria"]
[Black "Carstea, Alexia Ecaterina"]
[Result "1/2-1/2"]
[WhiteElo "1139"]
[BlackElo "1422"]
[PlyCount "53"]
[EventDate "2015.03.30"]
[EventType "swiss"]
[EventRounds "9"]
[EventCountry "ROU"]
[SourceTitle "CBM 165 Extra"]
[Source "ChessBase"]
[SourceDate "2015.04.21"]
[SourceVersion "1"]
[SourceVersionDate "2015.04.21"]
[SourceQuality "1"]

1. c4 c5 2. Nc3 Nc6 3. g3 g6 4. Bg2 Bg7 5. e3 e6 6. Nge2 Nge7 7. 0-0 0-0 8. d4 cxd4 9. exd4 d5 10. cxd5 exd5 11. Be3 Be6 12. Qd2 Re8 13. Rfe1 Rc8 14. Rac1 Nf5 15. a3 Na5 16. Qd3 Nc4 17. Rc2 Ne7 18. Nf4 Bf5 19. Qd2 Bxc2 20. Qxc2 Nb6 21. Qb3 Rf8 22. Ncxd5 Nexd5 23. Nxd5 Nxd5 24. Bxd5 b6 25. Rd1 Qd7 26. Bg2 Rfd8 27. d5 1/2-1/2

[Event "ROM-ch U10 Girls"]
[Site "Calimanesti"]
[Date "2015.04.03"]
[Round "6"]
[White "Carstea, Alexia Ecaterina"]
[Black "Vulpe, Raisa Georgiana"]
[Result "1/2-1/2"]
[WhiteElo "1422"]
[BlackElo "1321"]
[PlyCount "128"]
[EventDate "2015.03.30"]
[EventType "swiss"]
[EventRounds "9"]
[EventCountry "ROU"]
[SourceTitle "CBM 165 Extra"]
[Source "ChessBase"]
[SourceDate "2015.04.21"]
[SourceVersion "1"]
[SourceVersionDate "2015.04.21"]
[SourceQuality "1"]

1. d4 e6 2. e4 d5 3. Nc3 Bb4 4. e5 c5 5. Nf3 Qc7 6. Bb5+ Nc6 7. Bxc6+ bxc6 8. a3 Bxc3+ 9. bxc3 cxd4 10. cxd4 Ba6 11. Be3 Ne7 12. Ng1 Ng6 13. Ne2 0-0 14. 0-0 Rab8 15. Re1 Bxe2 16. Qxe2 Rb7 17. Bd2 Rfb8 18. Bb4 Qd7 19. Bd6 Ra8 20. Reb1 Nh4 21. Rb3 Rxb3 22. cxb3 Nf5 23. Bc5 Qb7 24. Rb1 a6 25. h3 Rc8 26. Qd3 Qb5 27. Qxb5 cxb5 28. g3 g6 29. Kf1 Kg7 30. Ke2 f6 31. g4 Nh6 32. f4 Nf7 33. Rf1 Rc7 34. h4 Nd8 35. Kd3 Nb7 36. b4 Rf7 37. Ke2 f5 38. g5 Rc7 39. Rc1 Kf7 40. Kd2 Rc8 41. Rc3 Ke8 42. Kd3 Kd7 43. Kc2 Nd8 44. Kb3 Rb8 45. Bd6 Rb7 46. Rc2 Nc6 47. Bc5 Rb8 48. Rh2 Rh8 49. h5 gxh5 50. Rxh5 Ne7 51. Bxe7 Kxe7 52. Rh6 Kf7 53. Kc3 Ke7 54. g6 Kf8 55. Rxh7 Rxh7 56. gxh7 Kg7 57. h8Q+ Kxh8 58. Kd3 Kg7 59. Ke3 Kg6 60. Kf3 Kh7 61. Kg3 Kg6 62. Kh4 Kh6 63. Kh3 Kh5 64. Kg3 Kg6 1/2-1/2

[Event "ROM-ch U10 Girls"]
[Site "Calimanesti"]
[Date "2015.03.31"]
[Round "2"]
[White "Carstea, Alexia Ecaterina"]
[Black "Angheluta, Diana"]
[Result "1-0"]
[WhiteElo "1422"]
[BlackElo "1239"]
[PlyCount "89"]
[EventDate "2015.03.30"]
[EventType "swiss"]
[EventRounds "9"]
[EventCountry "ROU"]
[SourceTitle "CBM 165 Extra"]
[Source "ChessBase"]
[SourceDate "2015.04.21"]
[SourceVersion "1"]
[SourceVersionDate "2015.04.21"]
[SourceQuality "1"]

1. d4 d5 2. Bf4 Bf5 3. e3 e6 4. c4 Nf6 5. a3 Nbd7 6. Nc3 c6 7. Nf3 Be7 8. cxd5 Nxd5 9. Nxd5 cxd5 10. Be2 0-0 11. 0-0 Rc8 12. Rc1 Qb6 13. Qd2 Rc6 14. Rxc6 bxc6 15. h3 Rc8 16. Rc1 c5 17. Ne5 Nf6 18. dxc5 Rxc5 19. Rxc5 Qxc5 20. b4 Qb6 21. Qd4 Qxd4 22. exd4 Bd6 23. f3 Bxe5 24. Bxe5 Nd7 25. Bc7 Bc2 26. Bb5 e5 27. Bxd7 exd4 28. Kf2 d3 29. Ke3 d4+ 30. Kd2 Kf8 31. Bd6+ Kg8 32. a4 g6 33. a5 h5 34. b5 Ba4 35. b6 axb6 36. axb6 Bxd7 37. b7 Kh7 38. b8Q Bf5 39. Be5 Kh6 40. Qh8+ Kg5 41. g3 Bxh3 42. Qf6+ Kh6 43. Bf4+ Kh7 44. Qxf7+ Kh8 45. Be5# 1-0

[Event "ROM-ch U10 Girls"]
[Site "Calimanesti"]
[Date "2014.04.09"]
[Round "4"]
[White "Carstea, Alexia Ecaterina"]
[Black "Ionita, Carmen Nicola"]
[Result "1-0"]
[WhiteElo "1172"]
[BlackElo "1049"]
[PlyCount "67"]
[EventDate "2014.04.06"]
[EventType "swiss"]
[EventRounds "9"]
[EventCountry "ROU"]
[SourceTitle "CBM 160 Extra"]
[Source "ChessBase"]
[SourceDate "2014.07.01"]
[SourceVersion "1"]
[SourceVersionDate "2014.07.01"]
[SourceQuality "1"]

1. d4 Nf6 2. c4 e5 3. dxe5 Ng4 4. Nf3 Bc5 5. e3 Nc6 6. e6 fxe6 7. h3 Nge5 8. Nxe5 Nxe5 9. Qh5+ Ng6 10. Qxc5 d6 11. Qd4 0-0 12. c5 e5 13. Qd5+ Kh8 14. cxd6 cxd6 15. Be2 Ne7 16. Qd1 Qa5+ 17. Nc3 Be6 18. Bd2 Qb6 19. b3 Rf6 20. Ne4 Rg6 21. Bh5 Rh6 22. Ng5 Bd5 23. Nf7+ Bxf7 24. Bxf7 Rf8 25. Bh5 Rhf6 26. 0-0 Qc6 27. Rc1 Qe4 28. Bf3 Qg6 29. Qc2 Qg5 30. Kh2 Nf5 31. e4 Qg6 32. exf5 Qf7 33. Qc7 Qe8 34. Qxb7 1-0